000 00300nam a22001337a 4500
008 170825b xxu||||| |||| 00| 0 eng d
020 _a9780534356828
041 _aeng
080 _22ND
_a070
100 _a39
101 _aMED
245 _aPROMOTING COMMUNITY CHANGE
_cHOMAN,M.S
942 _2udc
_cBK
999 _c25097
_d25097